| 000 | 00622 a2200181 4500 | ||
|---|---|---|---|
| 020 | _a9814338834 | ||
| 020 | _a9789814338837 | ||
| 082 | 0 | 4 | _a539.72 |
| 090 |
_c1740 _d1740 |
||
| 100 | 1 | _aFayyazuddin. | |
| 245 | 1 | 2 |
_aA modern introduction to particle physics : _bthird edition / _cFayyazuddin, Riazuddin. |
| 250 | _a3rd Revised edition ed. | ||
| 260 |
_a[S.l.] : _bWorld Scientific Publishing Company, _c2011. |
||
| 300 | _a750 p. | ||
| 700 | 1 | _aRiazuddin. | |
| 942 |
_aSNS _cBK _k539.72 FAY |
||
| 999 |
_c30347 _d30347 |
||